000 00646nam a22001817a 4500
005 20231123104214.0
008 231123b sa ||||| |||| 00| 0 eng d
020 _a9781431427567
_qpbk
040 _aRDA
_c3228
082 _223
_a306.7662 EDOZ
100 _aEdozien, Chike Frankie
_d1970-
_9184959
245 _aLives of great men : living and loving as an African gay man : a memoir /
260 _aAuckland Park, South Africa;
_bJacana Media (Pty) Ltd;
_c2018.
300 _a256 pages;
_c24 cm.
521 _btitle of the book
650 _a Edozien, Chike Frankie; Gays—Biography
_zAuckland Park, South Africa
_9184960
942 _2ddc
_cBOOK
_w378
_xPatrick Mahlalela
_y378
_zPatrick Mahlalela
999 _c760952
_d760951